one movie every year since 1990 - Statistics

General Stats
  • This quiz has been taken 25 times
  • The average score is 20 of 36
Answer Stats
year description actor Answer % Correct
1990 super turtles Judith Hoag teenager mutant ninja turtles
100%
1997 Big boat sinks Kate Winslet Titanic
94%
1991 cannibal and cop catch serial killer Jodie foster silence of the lambs
89%
2001 glamour girl goes to Harvard and becomes a lawer Reese Witherspoon legally blonde
83%
2023 a optimistic doll goes to the real world Margot Robbie Barbie
78%
2019 the fourth movie about toys that come to life Tom Hanks toy story 4
78%
1992 Wayne and Garth Mike Myers Waynes world
78%
2013 successful stockbrokers world collapses because of his bad choices Leonardo Dicaprio wolf of wall street
78%
2003 a human who lives at the north pole goes to NYC to find his dad Will Ferrell elf
72%
2005 hotel manager houses refugees and protects them from opposing militias in Rwanda Don Cheadle hotel rwanda
72%
2000 tries to make a good impression on his lovers dad Ben Stiller meet the parents
72%
2009 three friends wake up after a bachelor party in las vegas but the bachelor is missing Bradley cooper the hangover
72%
1999 archiologists find a haunted egyptian tomb awakening a mummy who brings carnage to the world Rick O'Connell The Mummy
72%
2011 lady has a mental rough patch when she become her best friends bridesmaid and has to work with the other bridesmaids Maya Rudolph bridesmaid
67%
2002 pre historic animals work together and become family Ray Romano ice age
67%
2008 a lazy panda become the dragon warrior Jack Black kung-fu panda
67%
2012 children from different places fight eachother to win the game Jennifer Lawrence the hunger games
67%
1993 biopic of Tina Turner Angela Bassett whats love got to do with it
67%
2015 girls life is ruined by ugly step sisters until she gets a fairy godmother lily james Cinderella
61%
2004 teen girl wishes to be a grown up and wakes up as her grown up self Jennifer Garner 13 going on 30
56%
2007 Fat girl auditions for prestigious talent group Tracy Turnblad hair spray
56%
1996 Short tempered Hockey player becomes golf legend Adam Sandler happy gilmore
56%
2014 NASA must find a new place to live when they realise earth is coming to its end Mathew McConaughy interstellar
56%
1998 Dr can speak to animals Eddie Murphy Dr Dolittle
50%
2024 a deadly virus makes pop sensation kill herself after seeing everyone smile Naomi Scott smile 2
39%
2016 animated movie about a bunny cop Ginnifer Goodwin zootopia
39%
2017 African American women make major racial breakthroughs while working for NASA Taraji P.Henson hidden figures
33%
2021 Happy man discovers that his life is a video game Ryan Reynolds free guy
28%
1995 James bond Daniel Craig golden eye
28%
2010 evil mastermind feels empty after killing his superhero rival so makes a new one Will Ferrel megamind
28%
1994 2 brothers witness a suicide and with the help of their lawyer a mafia is brought to justice Brad Renfro The Client
28%
2020 african american author wakes up as a slave on a cotton plantation Janelle Monae antebellum
22%
2006 fancy English rat gets sent to the sewers Hugh Jackman flushed away
22%
2022 boy is kidnapped by a killer and locked in a basement with a phone that has the souls of previous victims who want to help him Mason Thames the black phone
22%
2025 after a civil war against robots a girls brother is trapped in one and they work together to try find him Milly Bobby-Brown the electric state
17%
2018 outlaw group plan a groundbreaking heist on the federal reserve Gerard Butler den of thieves
6%
No matching quizzes found
Score Distribution
Percent of People with Each Score
Percentile by Number Answered
Your Score History
You have not taken this quiz